{"text_format":"3","workbook":"xlsx","n_sheets":1,"sheets":["grid"],"read":"whole","date_system":"1900"}

{"sheet":"grid","index":0,"n_rows":152,"n_cols":15,"rows_kept":152,"merged":[[0,0,0,14],[1,0,1,14],[2,0,3,4],[2,5,3,7],[2,8,3,9],[2,10,3,11],[2,12,3,14]]}
["Отчет по материальным запасам с 01.01.2023 по 01.01.2023"]
["Муниципальное бюджетное учреждение дополнительного образования \"Центр внешкольной работы Зеленодольского муниципального района Республики Татарстан\""]
[{"$nulls":5},"Остаток на начало",null,null,"Оборот Дебет",null,"Оборот Кредит",null,"Остаток на конец"]
[]
["Счет","Наименование МЗ","КФО","Ед. измерения","ОЛ","Цена (средняя)","Количество","Сумма","Количество","Сумма","Количество","Сумма","Цена (средняя)","Количество","Сумма"]
["021","4-комфорчатая электрическая плита \"Гефест\" 2019","4","шт","Старова Ольга  Николаевна",{"v":1300,"d":"1300.00"},{"v":1,"d":"1.0000"},{"v":1300,"d":"1300.00"},{"v":0,"d":"0.0000"},{"v":0,"d":"0.00"},{"v":0,"d":"0.0000"},{"v":0,"d":"0.00"},{"v":1300,"d":"1300.00"},{"v":1,"d":"1.0000"},{"v":1300,"d":"1300.00"}]
["021","аккордеон","4","шт","Старова Ольга  Николаевна",{"v":1,"d":"1.00"},{"v":1,"d":"1.0000"},{"v":1,"d":"1.00"},{"v":0,"d":"0.0000"},{"v":0,"d":"0.00"},{"v":0,"d":"0.0000"},{"v":0,"d":"0.00"},{"v":1,"d":"1.00"},{"v":1,"d":"1.0000"},{"v":1,"d":"1.00"}]
["10536","Антистеплер для скоб №10 и №24/6, STAFF \"EVERYDAY\"(2022)","4","шт","Ахметгараева Алина Альфировна",{"v":45,"d":"45.00"},{"v":5,"d":"5.0000"},{"v":225,"d":"225.00"},{"v":0,"d":"0.0000"},{"v":0,"d":"0.00"},{"v":0,"d":"0.0000"},{"v":0,"d":"0.00"},{"v":45,"d":"45.00"},{"v":5,"d":"5.0000"},{"v":225,"d":"225.00"}]
["021","Аудиомагнитола","4","шт","Старова Ольга  Николаевна",2086.56,{"v":1,"d":"1.0000"},2086.56,{"v":0,"d":"0.0000"},{"v":0,"d":"0.00"},{"v":0,"d":"0.0000"},{"v":0,"d":"0.00"},2086.56,{"v":1,"d":"1.0000"},2086.56]
["021","Аудиосистема \"Sony\"","4","шт","Старова Ольга  Николаевна",{"v":700,"d":"700.00"},{"v":1,"d":"1.0000"},{"v":700,"d":"700.00"},{"v":0,"d":"0.0000"},{"v":0,"d":"0.00"},{"v":0,"d":"0.0000"},{"v":0,"d":"0.00"},{"v":700,"d":"700.00"},{"v":1,"d":"1.0000"},{"v":700,"d":"700.00"}]
["021","Баннерный стенд","4","шт","Старова Ольга  Николаевна",{"v":2500,"d":"2500.00"},{"v":1,"d":"1.0000"},{"v":2500,"d":"2500.00"},{"v":0,"d":"0.0000"},{"v":0,"d":"0.00"},{"v":0,"d":"0.0000"},{"v":0,"d":"0.00"},{"v":2500,"d":"2500.00"},{"v":1,"d":"1.0000"},{"v":2500,"d":"2500.00"}]
["021","Блин 10кг","4","шт","Гатавллин Шамиль Шайхутдинович",{"v":15,"d":"15.00"},{"v":8,"d":"8.0000"},{"v":120,"d":"120.00"},{"v":0,"d":"0.0000"},{"v":0,"d":"0.00"},{"v":0,"d":"0.0000"},{"v":0,"d":"0.00"},{"v":15,"d":"15.00"},{"v":8,"d":"8.0000"},{"v":120,"d":"120.00"}]
["021","Блин 12,5кг","4","шт","Гатавллин Шамиль Шайхутдинович",{"v":15,"d":"15.00"},{"v":2,"d":"2.0000"},{"v":30,"d":"30.00"},{"v":0,"d":"0.0000"},{"v":0,"d":"0.00"},{"v":0,"d":"0.0000"},{"v":0,"d":"0.00"},{"v":15,"d":"15.00"},{"v":2,"d":"2.0000"},{"v":30,"d":"30.00"}]
["021","Блин 15кг","4","шт","Гатавллин Шамиль Шайхутдинович",{"v":5,"d":"5.00"},{"v":5,"d":"5.0000"},{"v":25,"d":"25.00"},{"v":0,"d":"0.0000"},{"v":0,"d":"0.00"},{"v":0,"d":"0.0000"},{"v":0,"d":"0.00"},{"v":5,"d":"5.00"},{"v":5,"d":"5.0000"},{"v":25,"d":"25.00"}]
["021","Блин 2,5кг","4","шт","Гатавллин Шамиль Шайхутдинович",{"v":10,"d":"10.00"},{"v":10,"d":"10.0000"},{"v":100,"d":"100.00"},{"v":0,"d":"0.0000"},{"v":0,"d":"0.00"},{"v":0,"d":"0.0000"},{"v":0,"d":"0.00"},{"v":10,"d":"10.00"},{"v":10,"d":"10.0000"},{"v":100,"d":"100.00"}]
["021","Блин 20кг","4","шт","Гатавллин Шамиль Шайхутдинович",{"v":20,"d":"20.00"},{"v":12,"d":"12.0000"},{"v":240,"d":"240.00"},{"v":0,"d":"0.0000"},{"v":0,"d":"0.00"},{"v":0,"d":"0.0000"},{"v":0,"d":"0.00"},{"v":20,"d":"20.00"},{"v":12,"d":"12.0000"},{"v":240,"d":"240.00"}]
["021","Блин 25кг","4","шт","Гатавллин Шамиль Шайхутдинович",{"v":20,"d":"20.00"},{"v":2,"d":"2.0000"},{"v":40,"d":"40.00"},{"v":0,"d":"0.0000"},{"v":0,"d":"0.00"},{"v":0,"d":"0.0000"},{"v":0,"d":"0.00"},{"v":20,"d":"20.00"},{"v":2,"d":"2.0000"},{"v":40,"d":"40.00"}]
["021","Блин 5кг","4","шт","Гатавллин Шамиль Шайхутдинович",{"v":10,"d":"10.00"},{"v":3,"d":"3.0000"},{"v":30,"d":"30.00"},{"v":0,"d":"0.0000"},{"v":0,"d":"0.00"},{"v":0,"d":"0.0000"},{"v":0,"d":"0.00"},{"v":10,"d":"10.00"},{"v":3,"d":"3.0000"},{"v":30,"d":"30.00"}]
["021","Блины самодельные","4","шт","Гатавллин Шамиль Шайхутдинович",{"v":2,"d":"2.00"},{"v":37,"d":"37.0000"},{"v":74,"d":"74.00"},{"v":0,"d":"0.0000"},{"v":0,"d":"0.00"},{"v":0,"d":"0.0000"},{"v":0,"d":"0.00"},{"v":2,"d":"2.00"},{"v":37,"d":"37.0000"},{"v":74,"d":"74.00"}]
["021","Брусья","4","шт","Гатавллин Шамиль Шайхутдинович",{"v":30,"d":"30.00"},{"v":1,"d":"1.0000"},{"v":30,"d":"30.00"},{"v":0,"d":"0.0000"},{"v":0,"d":"0.00"},{"v":0,"d":"0.0000"},{"v":0,"d":"0.00"},{"v":30,"d":"30.00"},{"v":1,"d":"1.0000"},{"v":30,"d":"30.00"}]
["10536","Бумага SVETO COPY NEW А-4,500л","4","шт","Ахметгараева Алина Альфировна",327.46,{"v":15,"d":"15.0000"},{"v":4911.9,"d":"4911.90"},{"v":0,"d":"0.0000"},{"v":0,"d":"0.00"},{"v":0,"d":"0.0000"},{"v":0,"d":"0.00"},327.46,{"v":15,"d":"15.0000"},{"v":4911.9,"d":"4911.90"}]
["021","Гантели 10кг","4","шт","Гатавллин Шамиль Шайхутдинович",{"v":15,"d":"15.00"},{"v":2,"d":"2.0000"},{"v":30,"d":"30.00"},{"v":0,"d":"0.0000"},{"v":0,"d":"0.00"},{"v":0,"d":"0.0000"},{"v":0,"d":"0.00"},{"v":15,"d":"15.00"},{"v":2,"d":"2.0000"},{"v":30,"d":"30.00"}]
["021","Гантели 11кг","4","шт","Гатавллин Шамиль Шайхутдинович",{"v":15,"d":"15.00"},{"v":2,"d":"2.0000"},{"v":30,"d":"30.00"},{"v":0,"d":"0.0000"},{"v":0,"d":"0.00"},{"v":0,"d":"0.0000"},{"v":0,"d":"0.00"},{"v":15,"d":"15.00"},{"v":2,"d":"2.0000"},{"v":30,"d":"30.00"}]
["021","Гантели 12кг","4","шт","Гатавллин Шамиль Шайхутдинович",{"v":15,"d":"15.00"},{"v":2,"d":"2.0000"},{"v":30,"d":"30.00"},{"v":0,"d":"0.0000"},{"v":0,"d":"0.00"},{"v":0,"d":"0.0000"},{"v":0,"d":"0.00"},{"v":15,"d":"15.00"},{"v":2,"d":"2.0000"},{"v":30,"d":"30.00"}]
["021","Гантели 13кг","4","шт","Гатавллин Шамиль Шайхутдинович",{"v":15,"d":"15.00"},{"v":2,"d":"2.0000"},{"v":30,"d":"30.00"},{"v":0,"d":"0.0000"},{"v":0,"d":"0.00"},{"v":0,"d":"0.0000"},{"v":0,"d":"0.00"},{"v":15,"d":"15.00"},{"v":2,"d":"2.0000"},{"v":30,"d":"30.00"}]
["021","Гантели 16кг","4","шт","Гатавллин Шамиль Шайхутдинович",{"v":15,"d":"15.00"},{"v":2,"d":"2.0000"},{"v":30,"d":"30.00"},{"v":0,"d":"0.0000"},{"v":0,"d":"0.00"},{"v":0,"d":"0.0000"},{"v":0,"d":"0.00"},{"v":15,"d":"15.00"},{"v":2,"d":"2.0000"},{"v":30,"d":"30.00"}]
["021","Гантели 17кг","4","шт","Гатавллин Шамиль Шайхутдинович",{"v":15,"d":"15.00"},{"v":2,"d":"2.0000"},{"v":30,"d":"30.00"},{"v":0,"d":"0.0000"},{"v":0,"d":"0.00"},{"v":0,"d":"0.0000"},{"v":0,"d":"0.00"},{"v":15,"d":"15.00"},{"v":2,"d":"2.0000"},{"v":30,"d":"30.00"}]
["021","Гантели 19кг","4","шт","Гатавллин Шамиль Шайхутдинович",{"v":20,"d":"20.00"},{"v":2,"d":"2.0000"},{"v":40,"d":"40.00"},{"v":0,"d":"0.0000"},{"v":0,"d":"0.00"},{"v":0,"d":"0.0000"},{"v":0,"d":"0.00"},{"v":20,"d":"20.00"},{"v":2,"d":"2.0000"},{"v":40,"d":"40.00"}]
["021","Гантели 21кг","4","шт","Гатавллин Шамиль Шайхутдинович",{"v":20,"d":"20.00"},{"v":2,"d":"2.0000"},{"v":40,"d":"40.00"},{"v":0,"d":"0.0000"},{"v":0,"d":"0.00"},{"v":0,"d":"0.0000"},{"v":0,"d":"0.00"},{"v":20,"d":"20.00"},{"v":2,"d":"2.0000"},{"v":40,"d":"40.00"}]
["021","Гантели 24кг","4","шт","Гатавллин Шамиль Шайхутдинович",{"v":20,"d":"20.00"},{"v":2,"d":"2.0000"},{"v":40,"d":"40.00"},{"v":0,"d":"0.0000"},{"v":0,"d":"0.00"},{"v":0,"d":"0.0000"},{"v":0,"d":"0.00"},{"v":20,"d":"20.00"},{"v":2,"d":"2.0000"},{"v":40,"d":"40.00"}]
["021","Гири 16кг","4","шт","Гатавллин Шамиль Шайхутдинович",{"v":15,"d":"15.00"},{"v":5,"d":"5.0000"},{"v":75,"d":"75.00"},{"v":0,"d":"0.0000"},{"v":0,"d":"0.00"},{"v":0,"d":"0.0000"},{"v":0,"d":"0.00"},{"v":15,"d":"15.00"},{"v":5,"d":"5.0000"},{"v":75,"d":"75.00"}]
["021","Гири 24кг","4","шт","Гатавллин Шамиль Шайхутдинович",{"v":20,"d":"20.00"},{"v":2,"d":"2.0000"},{"v":40,"d":"40.00"},{"v":0,"d":"0.0000"},{"v":0,"d":"0.00"},{"v":0,"d":"0.0000"},{"v":0,"d":"0.00"},{"v":20,"d":"20.00"},{"v":2,"d":"2.0000"},{"v":40,"d":"40.00"}]
["021","Гири 32кг","4","шт","Гатавллин Шамиль Шайхутдинович",{"v":25,"d":"25.00"},{"v":2,"d":"2.0000"},{"v":50,"d":"50.00"},{"v":0,"d":"0.0000"},{"v":0,"d":"0.00"},{"v":0,"d":"0.0000"},{"v":0,"d":"0.00"},{"v":25,"d":"25.00"},{"v":2,"d":"2.0000"},{"v":50,"d":"50.00"}]
["021","Гриф классический","4","шт","Гатавллин Шамиль Шайхутдинович",{"v":100,"d":"100.00"},{"v":3,"d":"3.0000"},{"v":300,"d":"300.00"},{"v":0,"d":"0.0000"},{"v":0,"d":"0.00"},{"v":0,"d":"0.0000"},{"v":0,"d":"0.00"},{"v":100,"d":"100.00"},{"v":3,"d":"3.0000"},{"v":300,"d":"300.00"}]
["001","Диван угловой в наборе 16300115","4","шт","Старова Ольга  Николаевна",{"v":1,"d":"1.00"},{"v":1,"d":"1.0000"},{"v":1,"d":"1.00"},{"v":0,"d":"0.0000"},{"v":0,"d":"0.00"},{"v":0,"d":"0.0000"},{"v":0,"d":"0.00"},{"v":1,"d":"1.00"},{"v":1,"d":"1.0000"},{"v":1,"d":"1.00"}]
["021","доска магнитно-маркерная Brauberg","2","шт","Старова Ольга  Николаевна",858.41,{"v":1,"d":"1.0000"},858.41,{"v":0,"d":"0.0000"},{"v":0,"d":"0.00"},{"v":0,"d":"0.0000"},{"v":0,"d":"0.00"},858.41,{"v":1,"d":"1.0000"},858.41]
["021","доска магнитно-маркерная Brauberg белая размером 180см на 91 см 2012 года 2019","4","шт","Старова Ольга  Николаевна",{"v":1410,"d":"1410.00"},{"v":1,"d":"1.0000"},{"v":1410,"d":"1410.00"},{"v":0,"d":"0.0000"},{"v":0,"d":"0.00"},{"v":0,"d":"0.0000"},{"v":0,"d":"0.00"},{"v":1410,"d":"1410.00"},{"v":1,"d":"1.0000"},{"v":1410,"d":"1410.00"}]
["001","Елка искусственная 16300726","4","шт","Старова Ольга  Николаевна",{"v":1,"d":"1.00"},{"v":1,"d":"1.0000"},{"v":1,"d":"1.00"},{"v":0,"d":"0.0000"},{"v":0,"d":"0.00"},{"v":0,"d":"0.0000"},{"v":0,"d":"0.00"},{"v":1,"d":"1.00"},{"v":1,"d":"1.0000"},{"v":1,"d":"1.00"}]
["021","Жалюзи вертикальные","4","шт","Старова Ольга  Николаевна",{"v":1820,"d":"1820.00"},{"v":5,"d":"5.0000"},{"v":9100,"d":"9100.00"},{"v":0,"d":"0.0000"},{"v":0,"d":"0.00"},{"v":0,"d":"0.0000"},{"v":0,"d":"0.00"},{"v":1820,"d":"1820.00"},{"v":5,"d":"5.0000"},{"v":9100,"d":"9100.00"}]
["001","Жарочный шкаф ШЖЭ-2 16301038","4","шт","Старова Ольга  Николаевна",{"v":1,"d":"1.00"},{"v":1,"d":"1.0000"},{"v":1,"d":"1.00"},{"v":0,"d":"0.0000"},{"v":0,"d":"0.00"},{"v":0,"d":"0.0000"},{"v":0,"d":"0.00"},{"v":1,"d":"1.00"},{"v":1,"d":"1.0000"},{"v":1,"d":"1.00"}]
["021","железный верстак с тисками 2018","4","шт","Старова Ольга  Николаевна",{"v":900,"d":"900.00"},{"v":1,"d":"1.0000"},{"v":900,"d":"900.00"},{"v":0,"d":"0.0000"},{"v":0,"d":"0.00"},{"v":0,"d":"0.0000"},{"v":0,"d":"0.00"},{"v":900,"d":"900.00"},{"v":1,"d":"1.0000"},{"v":900,"d":"900.00"}]
["021","Железный ящик для хранения документов(1962г.)","4","шт","Старова Ольга  Николаевна",{"v":400,"d":"400.00"},{"v":1,"d":"1.0000"},{"v":400,"d":"400.00"},{"v":0,"d":"0.0000"},{"v":0,"d":"0.00"},{"v":0,"d":"0.0000"},{"v":0,"d":"0.00"},{"v":400,"d":"400.00"},{"v":1,"d":"1.0000"},{"v":400,"d":"400.00"}]
["021","зеркало 2019","4","шт","Старова Ольга  Николаевна",{"v":600,"d":"600.00"},{"v":9,"d":"9.0000"},{"v":5400,"d":"5400.00"},{"v":0,"d":"0.0000"},{"v":0,"d":"0.00"},{"v":0,"d":"0.0000"},{"v":0,"d":"0.00"},{"v":600,"d":"600.00"},{"v":9,"d":"9.0000"},{"v":5400,"d":"5400.00"}]
["021","зеркало настеное размером 25см на 35 см 2019","4","шт","Старова Ольга  Николаевна",{"v":140,"d":"140.00"},{"v":6,"d":"6.0000"},{"v":840,"d":"840.00"},{"v":0,"d":"0.0000"},{"v":0,"d":"0.00"},{"v":0,"d":"0.0000"},{"v":0,"d":"0.00"},{"v":140,"d":"140.00"},{"v":6,"d":"6.0000"},{"v":840,"d":"840.00"}]
["021","зеркало-купе 2019 ","4","шт","Старова Ольга  Николаевна",{"v":2000,"d":"2000.00"},{"v":1,"d":"1.0000"},{"v":2000,"d":"2000.00"},{"v":0,"d":"0.0000"},{"v":0,"d":"0.00"},{"v":0,"d":"0.0000"},{"v":0,"d":"0.00"},{"v":2000,"d":"2000.00"},{"v":1,"d":"1.0000"},{"v":2000,"d":"2000.00"}]
["10536","Иглы для прошивки документов(цыганские),длина 80мм,диаметр 1,8мм,блистер(2022)","4","шт","Ахметгараева Алина Альфировна",43.33,{"v":3,"d":"3.0000"},{"v":130,"d":"130.00"},{"v":0,"d":"0.0000"},{"v":0,"d":"0.00"},{"v":0,"d":"0.0000"},{"v":0,"d":"0.00"},43.33,{"v":3,"d":"3.0000"},{"v":130,"d":"130.00"}]
["021","Камера уличная AHD 1 МП","4","шт","Старова Ольга  Николаевна",4431.66,{"v":1,"d":"1.0000"},4431.66,{"v":0,"d":"0.0000"},{"v":0,"d":"0.00"},{"v":0,"d":"0.0000"},{"v":0,"d":"0.00"},4431.66,{"v":1,"d":"1.0000"},4431.66]
["10536","Карандаш чернографитный BRAUBERG,корпус черный, заточенный(2022)","4","шт","Ахметгараева Алина Альфировна",{"v":10,"d":"10.00"},{"v":10,"d":"10.0000"},{"v":100,"d":"100.00"},{"v":0,"d":"0.0000"},{"v":0,"d":"0.00"},{"v":0,"d":"0.0000"},{"v":0,"d":"0.00"},{"v":10,"d":"10.00"},{"v":10,"d":"10.0000"},{"v":100,"d":"100.00"}]
["021","карниз оконный","4","шт","Старова Ольга  Николаевна",{"v":1,"d":"1.00"},{"v":14,"d":"14.0000"},{"v":14,"d":"14.00"},{"v":0,"d":"0.0000"},{"v":0,"d":"0.00"},{"v":0,"d":"0.0000"},{"v":0,"d":"0.00"},{"v":1,"d":"1.00"},{"v":14,"d":"14.0000"},{"v":14,"d":"14.00"}]
["10536","Клей-карандаш ВЫГОДНАЯ УПАКОВКА,BRAUBERG(2022)","4","шт","Ахметгараева Алина Альфировна",15.33,{"v":30,"d":"30.0000"},{"v":460,"d":"460.00"},{"v":0,"d":"0.0000"},{"v":0,"d":"0.00"},{"v":0,"d":"0.0000"},{"v":0,"d":"0.00"},15.33,{"v":30,"d":"30.0000"},{"v":460,"d":"460.00"}]
["001","Комплект мебели 16300633","4","шт","Старова Ольга  Николаевна",{"v":1,"d":"1.00"},{"v":1,"d":"1.0000"},{"v":1,"d":"1.00"},{"v":0,"d":"0.0000"},{"v":0,"d":"0.00"},{"v":0,"d":"0.0000"},{"v":0,"d":"0.00"},{"v":1,"d":"1.00"},{"v":1,"d":"1.0000"},{"v":1,"d":"1.00"}]
["021","Комплект тревожной сигнализации","4","шт","Старова Ольга  Николаевна",{"v":6198,"d":"6198.00"},{"v":1,"d":"1.0000"},{"v":6198,"d":"6198.00"},{"v":0,"d":"0.0000"},{"v":0,"d":"0.00"},{"v":0,"d":"0.0000"},{"v":0,"d":"0.00"},{"v":6198,"d":"6198.00"},{"v":1,"d":"1.0000"},{"v":6198,"d":"6198.00"}]
["10536","короб архивный 235*325*180 с крышкой гофрокартон (2021)","4","шт","Ахметгараева Алина Альфировна",{"v":160,"d":"160.00"},{"v":3,"d":"3.0000"},{"v":480,"d":"480.00"},{"v":0,"d":"0.0000"},{"v":0,"d":"0.00"},{"v":0,"d":"0.0000"},{"v":0,"d":"0.00"},{"v":160,"d":"160.00"},{"v":3,"d":"3.0000"},{"v":480,"d":"480.00"}]
["10536","Корректирующая жидкость STAFF \"EVERYDAY\" на водной основе,20мл,с кисточкой(2022)","4","шт","Ахметгараева Алина Альфировна",{"v":30,"d":"30.00"},{"v":5,"d":"5.0000"},{"v":150,"d":"150.00"},{"v":0,"d":"0.0000"},{"v":0,"d":"0.00"},{"v":0,"d":"0.0000"},{"v":0,"d":"0.00"},{"v":30,"d":"30.00"},{"v":5,"d":"5.0000"},{"v":150,"d":"150.00"}]
["021","кресло 3-х секционное 2019","4","шт","Старова Ольга  Николаевна",{"v":450,"d":"450.00"},{"v":11,"d":"11.0000"},{"v":4950,"d":"4950.00"},{"v":0,"d":"0.0000"},{"v":0,"d":"0.00"},{"v":0,"d":"0.0000"},{"v":0,"d":"0.00"},{"v":450,"d":"450.00"},{"v":11,"d":"11.0000"},{"v":4950,"d":"4950.00"}]
["021","Кресло Мартин","4","шт","Старова Ольга  Николаевна",{"v":1053,"d":"1053.00"},{"v":9,"d":"9.0000"},{"v":9477,"d":"9477.00"},{"v":0,"d":"0.0000"},{"v":0,"d":"0.00"},{"v":0,"d":"0.0000"},{"v":0,"d":"0.00"},{"v":1053,"d":"1053.00"},{"v":9,"d":"9.0000"},{"v":9477,"d":"9477.00"}]
["021","кресло мягкое не раскладное коричневого цвета 2019","4","шт","Старова Ольга  Николаевна",{"v":410,"d":"410.00"},{"v":1,"d":"1.0000"},{"v":410,"d":"410.00"},{"v":0,"d":"0.0000"},{"v":0,"d":"0.00"},{"v":0,"d":"0.0000"},{"v":0,"d":"0.00"},{"v":410,"d":"410.00"},{"v":1,"d":"1.0000"},{"v":410,"d":"410.00"}]
["10536","Ластик BRAUBERG,26*17*7мм,белый,прямоугольный(2022)","4","шт","Ахметгараева Алина Альфировна",{"v":6,"d":"6.00"},{"v":5,"d":"5.0000"},{"v":30,"d":"30.00"},{"v":0,"d":"0.0000"},{"v":0,"d":"0.00"},{"v":0,"d":"0.0000"},{"v":0,"d":"0.00"},{"v":6,"d":"6.00"},{"v":5,"d":"5.0000"},{"v":30,"d":"30.00"}]
["10536","Лоток горизонтальный для бумаг BRAUBERG,350*253*65мм,черный(2022)","4","шт","Ахметгараева Алина Альфировна",{"v":170,"d":"170.00"},{"v":1,"d":"1.0000"},{"v":170,"d":"170.00"},{"v":0,"d":"0.0000"},{"v":0,"d":"0.00"},{"v":0,"d":"0.0000"},{"v":0,"d":"0.00"},{"v":170,"d":"170.00"},{"v":1,"d":"1.0000"},{"v":170,"d":"170.00"}]
["10536","Маркеры стираемые для белой доски Набор 4 цв,BRAUBERG с клипом(2022)","4","шт","Ахметгараева Алина Альфировна",40.75,{"v":4,"d":"4.0000"},{"v":163,"d":"163.00"},{"v":0,"d":"0.0000"},{"v":0,"d":"0.00"},{"v":0,"d":"0.0000"},{"v":0,"d":"0.00"},40.75,{"v":4,"d":"4.0000"},{"v":163,"d":"163.00"}]
["10536","Мешки для мусора 30л черные в рулоне 30штЮ50*60см(2022)","4","шт","Ахметгараева Алина Альфировна",{"v":60,"d":"60.00"},{"v":6,"d":"6.0000"},{"v":360,"d":"360.00"},{"v":0,"d":"0.0000"},{"v":0,"d":"0.00"},{"v":0,"d":"0.0000"},{"v":0,"d":"0.00"},{"v":60,"d":"60.00"},{"v":6,"d":"6.0000"},{"v":360,"d":"360.00"}]
["021","Микроволновая печь","4","шт","Старова Ольга  Николаевна",2130.58,{"v":1,"d":"1.0000"},2130.58,{"v":0,"d":"0.0000"},{"v":0,"d":"0.00"},{"v":0,"d":"0.0000"},{"v":0,"d":"0.00"},2130.58,{"v":1,"d":"1.0000"},2130.58]
["021","микрофон Defender MIC-142","2","шт","Старова Ольга  Николаевна",{"v":720,"d":"720.00"},{"v":1,"d":"1.0000"},{"v":720,"d":"720.00"},{"v":0,"d":"0.0000"},{"v":0,"d":"0.00"},{"v":0,"d":"0.0000"},{"v":0,"d":"0.00"},{"v":720,"d":"720.00"},{"v":1,"d":"1.0000"},{"v":720,"d":"720.00"}]
["021","МФУ(многофункциональное устройство(б/у)","4","шт","Ахметгараева Алина Альфировна",{"v":500,"d":"500.00"},{"v":1,"d":"1.0000"},{"v":500,"d":"500.00"},{"v":0,"d":"0.0000"},{"v":0,"d":"0.00"},{"v":0,"d":"0.0000"},{"v":0,"d":"0.00"},{"v":500,"d":"500.00"},{"v":1,"d":"1.0000"},{"v":500,"d":"500.00"}]
["10536","Мыло жидкое с глицерином(2022)","4","л;^дм[3*]","Ахметгараева Алина Альфировна",{"v":60,"d":"60.00"},{"v":10,"d":"10.0000"},{"v":600,"d":"600.00"},{"v":0,"d":"0.0000"},{"v":0,"d":"0.00"},{"v":0,"d":"0.0000"},{"v":0,"d":"0.00"},{"v":60,"d":"60.00"},{"v":10,"d":"10.0000"},{"v":600,"d":"600.00"}]
["021","Мышь оптическая","4","шт","Старова Ольга  Николаевна",{"v":290,"d":"290.00"},{"v":1,"d":"1.0000"},{"v":290,"d":"290.00"},{"v":0,"d":"0.0000"},{"v":0,"d":"0.00"},{"v":0,"d":"0.0000"},{"v":0,"d":"0.00"},{"v":290,"d":"290.00"},{"v":1,"d":"1.0000"},{"v":290,"d":"290.00"}]
["001","Набор кухонной мебели 16300872","4","шт","Старова Ольга  Николаевна",{"v":1,"d":"1.00"},{"v":1,"d":"1.0000"},{"v":1,"d":"1.00"},{"v":0,"d":"0.0000"},{"v":0,"d":"0.00"},{"v":0,"d":"0.0000"},{"v":0,"d":"0.00"},{"v":1,"d":"1.00"},{"v":1,"d":"1.0000"},{"v":1,"d":"1.00"}]
["10536","Набор текстовыделителей BRAUBERG","4","шт","Ахметгараева Алина Альфировна",{"v":30,"d":"30.00"},{"v":4,"d":"4.0000"},{"v":120,"d":"120.00"},{"v":0,"d":"0.0000"},{"v":0,"d":"0.00"},{"v":0,"d":"0.0000"},{"v":0,"d":"0.00"},{"v":30,"d":"30.00"},{"v":4,"d":"4.0000"},{"v":120,"d":"120.00"}]
["001","Нежилое помещение (согласно экспликации к поэтажному плану №52) (Тат.-Танаевская СОШ)","4","м[2*]","Старова Ольга  Николаевна",6878.41,{"v":171.1,"d":"171.1000"},1176895.96,{"v":0,"d":"0.0000"},{"v":0,"d":"0.00"},{"v":0,"d":"0.0000"},{"v":0,"d":"0.00"},6878.41,{"v":171.1,"d":"171.1000"},1176895.96]
["001","Нежилое помещение(согласно экспликации к поэтажному плану №127)","4","м[2*]","Старова Ольга  Николаевна",4762.59,{"v":55.6,"d":"55.6000"},264800.01,{"v":0,"d":"0.0000"},{"v":0,"d":"0.00"},{"v":0,"d":"0.0000"},{"v":0,"d":"0.00"},4762.59,{"v":55.6,"d":"55.6000"},264800.01]
["001","Нежилое помещение(согласно экспликации к поэтажному плану №2,№25,№153) (Лицей №9)","4","м[2*]","Старова Ольга  Николаевна",{"v":4569.3,"d":"4569.30"},{"v":233.1,"d":"233.1000"},1065103.83,{"v":0,"d":"0.0000"},{"v":0,"d":"0.00"},{"v":0,"d":"0.0000"},{"v":0,"d":"0.00"},{"v":4569.3,"d":"4569.30"},{"v":233.1,"d":"233.1000"},1065103.83]
["001","Нежилое помещение(согласно экспликации к поэтажному плану №25)(Нурлатская СОШ) ","4","м[2*]","Старова Ольга  Николаевна",11107.14,{"v":277.6,"d":"277.6000"},3083342.06,{"v":0,"d":"0.0000"},{"v":0,"d":"0.00"},{"v":0,"d":"0.0000"},{"v":0,"d":"0.00"},11107.14,{"v":277.6,"d":"277.6000"},3083342.06]
["001","Нежилое помещение(согласно экспликации к поэтажному плану №45,№47) (Бишнинская ООШ)","4","м[2*]","Старова Ольга  Николаевна",6824.47,{"v":112.8,"d":"112.8000"},769800.03,{"v":0,"d":"0.0000"},{"v":0,"d":"0.00"},{"v":0,"d":"0.0000"},{"v":0,"d":"0.00"},6824.47,{"v":112.8,"d":"112.8000"},769800.03]
["001","Нежилое помещение(согласно экспликации к поэтажному плану №46,№84) (Обсерватор. ООШ)","4","м[2*]","Старова Ольга  Николаевна",8421.06,{"v":120.5,"d":"120.5000"},1014737.73,{"v":0,"d":"0.0000"},{"v":0,"d":"0.00"},{"v":0,"d":"0.0000"},{"v":0,"d":"0.00"},8421.06,{"v":120.5,"d":"120.5000"},1014737.73]
["001","Нежилые помещения (согласно экспликации к поэтажному плану №8,№90)","4","м[2*]","Старова Ольга  Николаевна",10827.87,{"v":209.3,"d":"209.3000"},{"v":2266273.2,"d":"2266273.20"},{"v":0,"d":"0.0000"},{"v":0,"d":"0.00"},{"v":0,"d":"0.0000"},{"v":0,"d":"0.00"},10827.87,{"v":209.3,"d":"209.3000"},{"v":2266273.2,"d":"2266273.20"}]
["10536","Нить лавсановая для прошивки документов,Белая,диаметр 1мм,длина 1000,BRAUBERG(2022)","4","шт","Ахметгараева Алина Альфировна",{"v":150,"d":"150.00"},{"v":1,"d":"1.0000"},{"v":150,"d":"150.00"},{"v":0,"d":"0.0000"},{"v":0,"d":"0.00"},{"v":0,"d":"0.0000"},{"v":0,"d":"0.00"},{"v":150,"d":"150.00"},{"v":1,"d":"1.0000"},{"v":150,"d":"150.00"}]
["021","огнетушитель","4","шт","Старова Ольга  Николаевна",{"v":401.6,"d":"401.60"},{"v":9,"d":"9.0000"},3614.37,{"v":0,"d":"0.0000"},{"v":0,"d":"0.00"},{"v":0,"d":"0.0000"},{"v":0,"d":"0.00"},{"v":401.6,"d":"401.60"},{"v":9,"d":"9.0000"},3614.37]
["021","Олимпийский обрезиненный диск,серия ALEX 1.25кг.","4","шт","Гатавллин Шамиль Шайхутдинович",376.47,{"v":6,"d":"6.0000"},2258.82,{"v":0,"d":"0.0000"},{"v":0,"d":"0.00"},{"v":0,"d":"0.0000"},{"v":0,"d":"0.00"},376.47,{"v":6,"d":"6.0000"},2258.82]
["021","Олимпийский обрезиненный диск,серия ALEX 2.5кг.","4","шт","Гатавллин Шамиль Шайхутдинович",711.11,{"v":6,"d":"6.0000"},4266.66,{"v":0,"d":"0.0000"},{"v":0,"d":"0.00"},{"v":0,"d":"0.0000"},{"v":0,"d":"0.00"},711.11,{"v":6,"d":"6.0000"},4266.66]
["021","Олимпийский обрезиненный диск,серия ALEX 5кг.","4","шт","Гатавллин Шамиль Шайхутдинович",1380.39,{"v":4,"d":"4.0000"},5521.56,{"v":0,"d":"0.0000"},{"v":0,"d":"0.00"},{"v":0,"d":"0.0000"},{"v":0,"d":"0.00"},1380.39,{"v":4,"d":"4.0000"},5521.56]
["10536","Папка регистратор BRAUBERG,с фактура стандарт,с мраморным покрытием,75мм,синий корешок(2022)","4","шт","Ахметгараева Алина Альфировна",{"v":250,"d":"250.00"},{"v":2,"d":"2.0000"},{"v":500,"d":"500.00"},{"v":0,"d":"0.0000"},{"v":0,"d":"0.00"},{"v":0,"d":"0.0000"},{"v":0,"d":"0.00"},{"v":250,"d":"250.00"},{"v":2,"d":"2.0000"},{"v":500,"d":"500.00"}]
["10536","Папка файл А4 с перфорацией Эконом 100шт/уп (2021)","4","шт","Ахметгараева Алина Альфировна",{"v":2,"d":"2.00"},{"v":200,"d":"200.0000"},{"v":400,"d":"400.00"},{"v":0,"d":"0.0000"},{"v":0,"d":"0.00"},{"v":0,"d":"0.0000"},{"v":0,"d":"0.00"},{"v":2,"d":"2.00"},{"v":200,"d":"200.0000"},{"v":400,"d":"400.00"}]
["10536","Перчатки хоз.латексные \"Люкс\" МНОГОРАЗОВЫЕ ,хлопчатобумажноенапыление(2022)","4","пара","Ахметгараева Алина Альфировна",{"v":110,"d":"110.00"},{"v":4,"d":"4.0000"},{"v":440,"d":"440.00"},{"v":0,"d":"0.0000"},{"v":0,"d":"0.00"},{"v":0,"d":"0.0000"},{"v":0,"d":"0.00"},{"v":110,"d":"110.00"},{"v":4,"d":"4.0000"},{"v":440,"d":"440.00"}]
["10536","печать круглая RGM","4","шт","Старова Ольга  Николаевна",{"v":700,"d":"700.00"},{"v":1,"d":"1.0000"},{"v":700,"d":"700.00"},{"v":0,"d":"0.0000"},{"v":0,"d":"0.00"},{"v":0,"d":"0.0000"},{"v":0,"d":"0.00"},{"v":700,"d":"700.00"},{"v":1,"d":"1.0000"},{"v":700,"d":"700.00"}]
["10536","план эвакуации (этажный) 600х400мм","5","шт","Старова Ольга  Николаевна",{"v":3500,"d":"3500.00"},{"v":1,"d":"1.0000"},{"v":3500,"d":"3500.00"},{"v":0,"d":"0.0000"},{"v":0,"d":"0.00"},{"v":0,"d":"0.0000"},{"v":0,"d":"0.00"},{"v":3500,"d":"3500.00"},{"v":1,"d":"1.0000"},{"v":3500,"d":"3500.00"}]
["001","планшетный компьютер RAY padS101","4","шт","Старова Ольга  Николаевна",{"v":13500,"d":"13500.00"},{"v":16,"d":"16.0000"},{"v":216000,"d":"216000.00"},{"v":0,"d":"0.0000"},{"v":0,"d":"0.00"},{"v":0,"d":"0.0000"},{"v":0,"d":"0.00"},{"v":13500,"d":"13500.00"},{"v":16,"d":"16.0000"},{"v":216000,"d":"216000.00"}]
["027","планшетный компьютер RAY padS101","4","шт","Гатавллин Шамиль Шайхутдинович",{"v":13500,"d":"13500.00"},{"v":1,"d":"1.0000"},{"v":13500,"d":"13500.00"},{"v":0,"d":"0.0000"},{"v":0,"d":"0.00"},{"v":0,"d":"0.0000"},{"v":0,"d":"0.00"},{"v":13500,"d":"13500.00"},{"v":1,"d":"1.0000"},{"v":13500,"d":"13500.00"}]
["027","планшетный компьютер RAY padS101","4","шт","Мартышина Ольга Павловна",{"v":13500,"d":"13500.00"},{"v":1,"d":"1.0000"},{"v":13500,"d":"13500.00"},{"v":0,"d":"0.0000"},{"v":0,"d":"0.00"},{"v":0,"d":"0.0000"},{"v":0,"d":"0.00"},{"v":13500,"d":"13500.00"},{"v":1,"d":"1.0000"},{"v":13500,"d":"13500.00"}]
["027","планшетный компьютер RAY padS101","4","шт","Зинатуллина Эльмира Рашидовна",{"v":13500,"d":"13500.00"},{"v":1,"d":"1.0000"},{"v":13500,"d":"13500.00"},{"v":0,"d":"0.0000"},{"v":0,"d":"0.00"},{"v":0,"d":"0.0000"},{"v":0,"d":"0.00"},{"v":13500,"d":"13500.00"},{"v":1,"d":"1.0000"},{"v":13500,"d":"13500.00"}]
["027","планшетный компьютер RAY padS101","4","шт","Сыннов Шамиль Шамильевич",{"v":13500,"d":"13500.00"},{"v":1,"d":"1.0000"},{"v":13500,"d":"13500.00"},{"v":0,"d":"0.0000"},{"v":0,"d":"0.00"},{"v":0,"d":"0.0000"},{"v":0,"d":"0.00"},{"v":13500,"d":"13500.00"},{"v":1,"d":"1.0000"},{"v":13500,"d":"13500.00"}]
["021","Подставка для 14 блинов размером 1050*300*300","4","шт","Старова Ольга  Николаевна",{"v":900,"d":"900.00"},{"v":1,"d":"1.0000"},{"v":900,"d":"900.00"},{"v":0,"d":"0.0000"},{"v":0,"d":"0.00"},{"v":0,"d":"0.0000"},{"v":0,"d":"0.00"},{"v":900,"d":"900.00"},{"v":1,"d":"1.0000"},{"v":900,"d":"900.00"}]
["021","пожарный инвентарь","4","шт","Старова Ольга  Николаевна",{"v":1,"d":"1.00"},{"v":1,"d":"1.0000"},{"v":1,"d":"1.00"},{"v":0,"d":"0.0000"},{"v":0,"d":"0.00"},{"v":0,"d":"0.0000"},{"v":0,"d":"0.00"},{"v":1,"d":"1.00"},{"v":1,"d":"1.0000"},{"v":1,"d":"1.00"}]
["021","Полка ","4","шт","Старова Ольга  Николаевна",{"v":500,"d":"500.00"},{"v":2,"d":"2.0000"},{"v":1000,"d":"1000.00"},{"v":0,"d":"0.0000"},{"v":0,"d":"0.00"},{"v":0,"d":"0.0000"},{"v":0,"d":"0.00"},{"v":500,"d":"500.00"},{"v":2,"d":"2.0000"},{"v":1000,"d":"1000.00"}]
["021","Помост для становой тяги","4","шт","Гатавллин Шамиль Шайхутдинович",{"v":10,"d":"10.00"},{"v":1,"d":"1.0000"},{"v":10,"d":"10.00"},{"v":0,"d":"0.0000"},{"v":0,"d":"0.00"},{"v":0,"d":"0.0000"},{"v":0,"d":"0.00"},{"v":10,"d":"10.00"},{"v":1,"d":"1.0000"},{"v":10,"d":"10.00"}]
["021","Портативная акустическая система с Bluetooth SVEN PS-330","4","шт","Старова Ольга  Николаевна",{"v":3397,"d":"3397.00"},{"v":1,"d":"1.0000"},{"v":3397,"d":"3397.00"},{"v":0,"d":"0.0000"},{"v":0,"d":"0.00"},{"v":0,"d":"0.0000"},{"v":0,"d":"0.00"},{"v":3397,"d":"3397.00"},{"v":1,"d":"1.0000"},{"v":3397,"d":"3397.00"}]
["021","Прямоугольные блины тренажера","4","шт","Гатавллин Шамиль Шайхутдинович",{"v":1,"d":"1.00"},{"v":51,"d":"51.0000"},{"v":51,"d":"51.00"},{"v":0,"d":"0.0000"},{"v":0,"d":"0.00"},{"v":0,"d":"0.0000"},{"v":0,"d":"0.00"},{"v":1,"d":"1.00"},{"v":51,"d":"51.0000"},{"v":51,"d":"51.00"}]
["021","Радиотелефон","4","шт","Старова Ольга  Николаевна",2554.63,{"v":1,"d":"1.0000"},2554.63,{"v":0,"d":"0.0000"},{"v":0,"d":"0.00"},{"v":0,"d":"0.0000"},{"v":0,"d":"0.00"},2554.63,{"v":1,"d":"1.0000"},2554.63]
["001","Рециркулятор бактерицидный компактный РБК-1 \"Pozis\"(17.05.2021г.)","4","шт","Старова Ольга  Николаевна",{"v":8655,"d":"8655.00"},{"v":5,"d":"5.0000"},{"v":43275,"d":"43275.00"},{"v":0,"d":"0.0000"},{"v":0,"d":"0.00"},{"v":0,"d":"0.0000"},{"v":0,"d":"0.00"},{"v":8655,"d":"8655.00"},{"v":5,"d":"5.0000"},{"v":43275,"d":"43275.00"}]
["10536","Ручка шариковая BRAUBERG,синяя,узел 0,7мм(2022)","4","шт","Ахметгараева Алина Альфировна",{"v":10,"d":"10.00"},{"v":30,"d":"30.0000"},{"v":300,"d":"300.00"},{"v":0,"d":"0.0000"},{"v":0,"d":"0.00"},{"v":0,"d":"0.0000"},{"v":0,"d":"0.00"},{"v":10,"d":"10.00"},{"v":30,"d":"30.0000"},{"v":300,"d":"300.00"}]
["10536","Салфетки для уборки, микрофибра,30*30см(2022)","4","шт","Ахметгараева Алина Альфировна",{"v":50,"d":"50.00"},{"v":9,"d":"9.0000"},{"v":450,"d":"450.00"},{"v":0,"d":"0.0000"},{"v":0,"d":"0.00"},{"v":0,"d":"0.0000"},{"v":0,"d":"0.00"},{"v":50,"d":"50.00"},{"v":9,"d":"9.0000"},{"v":450,"d":"450.00"}]
["021","секция шкаф.","4","шт","Старова Ольга  Николаевна",{"v":1,"d":"1.00"},{"v":4,"d":"4.0000"},{"v":4,"d":"4.00"},{"v":0,"d":"0.0000"},{"v":0,"d":"0.00"},{"v":0,"d":"0.0000"},{"v":0,"d":"0.00"},{"v":1,"d":"1.00"},{"v":4,"d":"4.0000"},{"v":4,"d":"4.00"}]
["021","сетевой фильтр 5 розеток","2","шт","Старова Ольга  Николаевна",{"v":148,"d":"148.00"},{"v":1,"d":"1.0000"},{"v":148,"d":"148.00"},{"v":0,"d":"0.0000"},{"v":0,"d":"0.00"},{"v":0,"d":"0.0000"},{"v":0,"d":"0.00"},{"v":148,"d":"148.00"},{"v":1,"d":"1.0000"},{"v":148,"d":"148.00"}]
["021","силовая рама размером 2050х1140х1200 2019","4","шт","Старова Ольга  Николаевна",{"v":7000,"d":"7000.00"},{"v":1,"d":"1.0000"},{"v":7000,"d":"7000.00"},{"v":0,"d":"0.0000"},{"v":0,"d":"0.00"},{"v":0,"d":"0.0000"},{"v":0,"d":"0.00"},{"v":7000,"d":"7000.00"},{"v":1,"d":"1.0000"},{"v":7000,"d":"7000.00"}]
["021","Скамья для жима лежа","4","шт","Гатавллин Шамиль Шайхутдинович",{"v":100,"d":"100.00"},{"v":2,"d":"2.0000"},{"v":200,"d":"200.00"},{"v":0,"d":"0.0000"},{"v":0,"d":"0.00"},{"v":0,"d":"0.0000"},{"v":0,"d":"0.00"},{"v":100,"d":"100.00"},{"v":2,"d":"2.0000"},{"v":200,"d":"200.00"}]
["021","скамья для обеденного стола","4","шт","Старова Ольга  Николаевна",891.83,{"v":3,"d":"3.0000"},2675.49,{"v":0,"d":"0.0000"},{"v":0,"d":"0.00"},{"v":0,"d":"0.0000"},{"v":0,"d":"0.00"},891.83,{"v":3,"d":"3.0000"},2675.49]
["021","Скамья классическая","4","шт","Гатавллин Шамиль Шайхутдинович",{"v":100,"d":"100.00"},{"v":2,"d":"2.0000"},{"v":200,"d":"200.00"},{"v":0,"d":"0.0000"},{"v":0,"d":"0.00"},{"v":0,"d":"0.0000"},{"v":0,"d":"0.00"},{"v":100,"d":"100.00"},{"v":2,"d":"2.0000"},{"v":200,"d":"200.00"}]
["10536","Скоросшиватель пластиковый BRAUBERG,А4, 130/180,синий(2022)","4","шт","Ахметгараева Алина Альфировна",{"v":18,"d":"18.00"},{"v":6,"d":"6.0000"},{"v":108,"d":"108.00"},{"v":0,"d":"0.0000"},{"v":0,"d":"0.00"},{"v":0,"d":"0.0000"},{"v":0,"d":"0.00"},{"v":18,"d":"18.00"},{"v":6,"d":"6.0000"},{"v":108,"d":"108.00"}]
["10536","скоросшиватель пластиковый BRAUBERG,А;,130/180,зеленый(2022)","4","шт","Ахметгараева Алина Альфировна",{"v":18,"d":"18.00"},{"v":3,"d":"3.0000"},{"v":54,"d":"54.00"},{"v":0,"d":"0.0000"},{"v":0,"d":"0.00"},{"v":0,"d":"0.0000"},{"v":0,"d":"0.00"},{"v":18,"d":"18.00"},{"v":3,"d":"3.0000"},{"v":54,"d":"54.00"}]
["10536","Скрепки STAFF, 33мм,оцинкованные,100шт(2022)","4","шт","Ахметгараева Алина Альфировна",{"v":45,"d":"45.00"},{"v":5,"d":"5.0000"},{"v":225,"d":"225.00"},{"v":0,"d":"0.0000"},{"v":0,"d":"0.00"},{"v":0,"d":"0.0000"},{"v":0,"d":"0.00"},{"v":45,"d":"45.00"},{"v":5,"d":"5.0000"},{"v":225,"d":"225.00"}]
["10536","Скрепки большие 78мм, STAFF, оцинкованные,50шт(2022)","4","шт","Ахметгараева Алина Альфировна",{"v":150,"d":"150.00"},{"v":4,"d":"4.0000"},{"v":600,"d":"600.00"},{"v":0,"d":"0.0000"},{"v":0,"d":"0.00"},{"v":0,"d":"0.0000"},{"v":0,"d":"0.00"},{"v":150,"d":"150.00"},{"v":4,"d":"4.0000"},{"v":600,"d":"600.00"}]
["10536","Скрепочница магнитная STAFF прозрачный корпус(2022)","4","шт","Ахметгараева Алина Альфировна",{"v":125,"d":"125.00"},{"v":1,"d":"1.0000"},{"v":125,"d":"125.00"},{"v":0,"d":"0.0000"},{"v":0,"d":"0.00"},{"v":0,"d":"0.0000"},{"v":0,"d":"0.00"},{"v":125,"d":"125.00"},{"v":1,"d":"1.0000"},{"v":125,"d":"125.00"}]
["10536","Средство дезинфицирующее таблетки хлорные ЛАЙМАДЕЗ(2022)","4","шт","Ахметгараева Алина Альфировна",{"v":2,"d":"2.00"},{"v":300,"d":"300.0000"},{"v":600,"d":"600.00"},{"v":0,"d":"0.0000"},{"v":0,"d":"0.00"},{"v":0,"d":"0.0000"},{"v":0,"d":"0.00"},{"v":2,"d":"2.00"},{"v":300,"d":"300.0000"},{"v":600,"d":"600.00"}]
["10536","Средство для мытья пола LAIMA PROFESSIONAL (2022)","4","л;^дм[3*]","Ахметгараева Алина Альфировна",{"v":60,"d":"60.00"},{"v":5,"d":"5.0000"},{"v":300,"d":"300.00"},{"v":0,"d":"0.0000"},{"v":0,"d":"0.00"},{"v":0,"d":"0.0000"},{"v":0,"d":"0.00"},{"v":60,"d":"60.00"},{"v":5,"d":"5.0000"},{"v":300,"d":"300.00"}]
["10536","Средство для уборки сантехнических блоков GRASS WS-GEL(2022)","4","л;^дм[3*]","Ахметгараева Алина Альфировна",{"v":151.7,"d":"151.70"},{"v":5.3,"d":"5.3000"},{"v":804,"d":"804.00"},{"v":0,"d":"0.0000"},{"v":0,"d":"0.00"},{"v":0,"d":"0.0000"},{"v":0,"d":"0.00"},{"v":151.7,"d":"151.70"},{"v":5.3,"d":"5.3000"},{"v":804,"d":"804.00"}]
["021","Стеллаж","4","шт","Старова Ольга  Николаевна",{"v":1000,"d":"1000.00"},{"v":4,"d":"4.0000"},{"v":4000,"d":"4000.00"},{"v":0,"d":"0.0000"},{"v":0,"d":"0.00"},{"v":0,"d":"0.0000"},{"v":0,"d":"0.00"},{"v":1000,"d":"1000.00"},{"v":4,"d":"4.0000"},{"v":4000,"d":"4000.00"}]
["021","стеллаж книжный 2019","4","шт","Старова Ольга  Николаевна",{"v":700,"d":"700.00"},{"v":1,"d":"1.0000"},{"v":700,"d":"700.00"},{"v":0,"d":"0.0000"},{"v":0,"d":"0.00"},{"v":0,"d":"0.0000"},{"v":0,"d":"0.00"},{"v":700,"d":"700.00"},{"v":1,"d":"1.0000"},{"v":700,"d":"700.00"}]
["021","стеллаж-шкаф книжный 2019 ","4","шт","Старова Ольга  Николаевна",{"v":700,"d":"700.00"},{"v":1,"d":"1.0000"},{"v":700,"d":"700.00"},{"v":0,"d":"0.0000"},{"v":0,"d":"0.00"},{"v":0,"d":"0.0000"},{"v":0,"d":"0.00"},{"v":700,"d":"700.00"},{"v":1,"d":"1.0000"},{"v":700,"d":"700.00"}]
["021","Стойка для приседания","4","шт","Гатавллин Шамиль Шайхутдинович",{"v":100,"d":"100.00"},{"v":1,"d":"1.0000"},{"v":100,"d":"100.00"},{"v":0,"d":"0.0000"},{"v":0,"d":"0.00"},{"v":0,"d":"0.0000"},{"v":0,"d":"0.00"},{"v":100,"d":"100.00"},{"v":1,"d":"1.0000"},{"v":100,"d":"100.00"}]
["021","Стол","4","шт","Старова Ольга  Николаевна",203.33,{"v":6,"d":"6.0000"},{"v":1220,"d":"1220.00"},{"v":0,"d":"0.0000"},{"v":0,"d":"0.00"},{"v":0,"d":"0.0000"},{"v":0,"d":"0.00"},203.33,{"v":6,"d":"6.0000"},{"v":1220,"d":"1220.00"}]
["021","стол 2-х тумбовый","4","шт","Старова Ольга  Николаевна",1172.68,{"v":3,"d":"3.0000"},3518.04,{"v":0,"d":"0.0000"},{"v":0,"d":"0.00"},{"v":0,"d":"0.0000"},{"v":0,"d":"0.00"},1172.68,{"v":3,"d":"3.0000"},3518.04]
["021","Стол однотумбовый","4","шт","Старова Ольга  Николаевна",{"v":1904,"d":"1904.00"},{"v":5,"d":"5.0000"},{"v":9520,"d":"9520.00"},{"v":0,"d":"0.0000"},{"v":0,"d":"0.00"},{"v":0,"d":"0.0000"},{"v":0,"d":"0.00"},{"v":1904,"d":"1904.00"},{"v":5,"d":"5.0000"},{"v":9520,"d":"9520.00"}]
["021","стол однотумбовый","4","шт","Старова Ольга  Николаевна",{"v":1,"d":"1.00"},{"v":9,"d":"9.0000"},{"v":9,"d":"9.00"},{"v":0,"d":"0.0000"},{"v":0,"d":"0.00"},{"v":0,"d":"0.0000"},{"v":0,"d":"0.00"},{"v":1,"d":"1.00"},{"v":9,"d":"9.0000"},{"v":9,"d":"9.00"}]
["021","Стол письменный","4","шт","Старова Ольга  Николаевна",1380.54,{"v":1,"d":"1.0000"},1380.54,{"v":0,"d":"0.0000"},{"v":0,"d":"0.00"},{"v":0,"d":"0.0000"},{"v":0,"d":"0.00"},1380.54,{"v":1,"d":"1.0000"},1380.54]
["021","стол полированый","4","шт","Старова Ольга  Николаевна",{"v":1,"d":"1.00"},{"v":4,"d":"4.0000"},{"v":4,"d":"4.00"},{"v":0,"d":"0.0000"},{"v":0,"d":"0.00"},{"v":0,"d":"0.0000"},{"v":0,"d":"0.00"},{"v":1,"d":"1.00"},{"v":4,"d":"4.0000"},{"v":4,"d":"4.00"}]
["021","Стол с полками(2021)","4","шт","Старова Ольга  Николаевна",{"v":400,"d":"400.00"},{"v":1,"d":"1.0000"},{"v":400,"d":"400.00"},{"v":0,"d":"0.0000"},{"v":0,"d":"0.00"},{"v":0,"d":"0.0000"},{"v":0,"d":"0.00"},{"v":400,"d":"400.00"},{"v":1,"d":"1.0000"},{"v":400,"d":"400.00"}]
["021","стол ученический","4","шт","Старова Ольга  Николаевна",{"v":1,"d":"1.00"},{"v":9,"d":"9.0000"},{"v":9,"d":"9.00"},{"v":0,"d":"0.0000"},{"v":0,"d":"0.00"},{"v":0,"d":"0.0000"},{"v":0,"d":"0.00"},{"v":1,"d":"1.00"},{"v":9,"d":"9.0000"},{"v":9,"d":"9.00"}]
["021","стол ученический 2-местный","4","шт","Старова Ольга  Николаевна",{"v":1268,"d":"1268.00"},{"v":10,"d":"10.0000"},{"v":12680,"d":"12680.00"},{"v":0,"d":"0.0000"},{"v":0,"d":"0.00"},{"v":0,"d":"0.0000"},{"v":0,"d":"0.00"},{"v":1268,"d":"1268.00"},{"v":10,"d":"10.0000"},{"v":12680,"d":"12680.00"}]
["021","Стул","4","шт","Старова Ольга  Николаевна",{"v":260,"d":"260.00"},{"v":10,"d":"10.0000"},{"v":2600,"d":"2600.00"},{"v":0,"d":"0.0000"},{"v":0,"d":"0.00"},{"v":0,"d":"0.0000"},{"v":0,"d":"0.00"},{"v":260,"d":"260.00"},{"v":10,"d":"10.0000"},{"v":2600,"d":"2600.00"}]
["021","стул п/м","4","шт","Старова Ольга  Николаевна",{"v":1,"d":"1.00"},{"v":18,"d":"18.0000"},{"v":18,"d":"18.00"},{"v":0,"d":"0.0000"},{"v":0,"d":"0.00"},{"v":0,"d":"0.0000"},{"v":0,"d":"0.00"},{"v":1,"d":"1.00"},{"v":18,"d":"18.0000"},{"v":18,"d":"18.00"}]
["021","стул ученический","4","шт","Старова Ольга  Николаевна",{"v":1,"d":"1.00"},{"v":98,"d":"98.0000"},{"v":98,"d":"98.00"},{"v":0,"d":"0.0000"},{"v":0,"d":"0.00"},{"v":0,"d":"0.0000"},{"v":0,"d":"0.00"},{"v":1,"d":"1.00"},{"v":98,"d":"98.0000"},{"v":98,"d":"98.00"}]
["021","Счетчик бытовой СГВ-15,1/2 ДЮЙМА (2020)","2","шт","Старова Ольга  Николаевна",{"v":585,"d":"585.00"},{"v":5,"d":"5.0000"},{"v":2925,"d":"2925.00"},{"v":0,"d":"0.0000"},{"v":0,"d":"0.00"},{"v":0,"d":"0.0000"},{"v":0,"d":"0.00"},{"v":585,"d":"585.00"},{"v":5,"d":"5.0000"},{"v":2925,"d":"2925.00"}]
["021","телефонный аппарат","4","шт","Старова Ольга  Николаевна",{"v":1,"d":"1.00"},{"v":1,"d":"1.0000"},{"v":1,"d":"1.00"},{"v":0,"d":"0.0000"},{"v":0,"d":"0.00"},{"v":0,"d":"0.0000"},{"v":0,"d":"0.00"},{"v":1,"d":"1.00"},{"v":1,"d":"1.0000"},{"v":1,"d":"1.00"}]
["10536","Точилка BRAUBERG BELL с контейнером,пластиковая, цвет корпуса(2022)","4","шт","Ахметгараева Алина Альфировна",{"v":40,"d":"40.00"},{"v":3,"d":"3.0000"},{"v":120,"d":"120.00"},{"v":0,"d":"0.0000"},{"v":0,"d":"0.00"},{"v":0,"d":"0.0000"},{"v":0,"d":"0.00"},{"v":40,"d":"40.00"},{"v":3,"d":"3.0000"},{"v":120,"d":"120.00"}]
["021","Тренажер для тренировки ног","4","шт","Гатавллин Шамиль Шайхутдинович",{"v":100,"d":"100.00"},{"v":3,"d":"3.0000"},{"v":300,"d":"300.00"},{"v":0,"d":"0.0000"},{"v":0,"d":"0.00"},{"v":0,"d":"0.0000"},{"v":0,"d":"0.00"},{"v":100,"d":"100.00"},{"v":3,"d":"3.0000"},{"v":300,"d":"300.00"}]
["021","Тренажер для тренировки плеч","4","шт","Гатавллин Шамиль Шайхутдинович",{"v":50,"d":"50.00"},{"v":1,"d":"1.0000"},{"v":50,"d":"50.00"},{"v":0,"d":"0.0000"},{"v":0,"d":"0.00"},{"v":0,"d":"0.0000"},{"v":0,"d":"0.00"},{"v":50,"d":"50.00"},{"v":1,"d":"1.0000"},{"v":50,"d":"50.00"}]
["021","Тренажер для тренировки рук","4","шт","Гатавллин Шамиль Шайхутдинович",{"v":50,"d":"50.00"},{"v":1,"d":"1.0000"},{"v":50,"d":"50.00"},{"v":0,"d":"0.0000"},{"v":0,"d":"0.00"},{"v":0,"d":"0.0000"},{"v":0,"d":"0.00"},{"v":50,"d":"50.00"},{"v":1,"d":"1.0000"},{"v":50,"d":"50.00"}]
["021","трибуна для выступлений ","4","шт","Старова Ольга  Николаевна",{"v":1000,"d":"1000.00"},{"v":1,"d":"1.0000"},{"v":1000,"d":"1000.00"},{"v":0,"d":"0.0000"},{"v":0,"d":"0.00"},{"v":0,"d":"0.0000"},{"v":0,"d":"0.00"},{"v":1000,"d":"1000.00"},{"v":1,"d":"1.0000"},{"v":1000,"d":"1000.00"}]
["021","Турник","4","шт","Гатавллин Шамиль Шайхутдинович",{"v":30,"d":"30.00"},{"v":1,"d":"1.0000"},{"v":30,"d":"30.00"},{"v":0,"d":"0.0000"},{"v":0,"d":"0.00"},{"v":0,"d":"0.0000"},{"v":0,"d":"0.00"},{"v":30,"d":"30.00"},{"v":1,"d":"1.0000"},{"v":30,"d":"30.00"}]
["021","фильтр сетевой","4","шт","Старова Ольга  Николаевна",{"v":1,"d":"1.00"},{"v":1,"d":"1.0000"},{"v":1,"d":"1.00"},{"v":0,"d":"0.0000"},{"v":0,"d":"0.00"},{"v":0,"d":"0.0000"},{"v":0,"d":"0.00"},{"v":1,"d":"1.00"},{"v":1,"d":"1.0000"},{"v":1,"d":"1.00"}]
["021","холодильник\"Мир\" 2-камерный 1991 года производства 2019","4","шт","Старова Ольга  Николаевна",{"v":500,"d":"500.00"},{"v":1,"d":"1.0000"},{"v":500,"d":"500.00"},{"v":0,"d":"0.0000"},{"v":0,"d":"0.00"},{"v":0,"d":"0.0000"},{"v":0,"d":"0.00"},{"v":500,"d":"500.00"},{"v":1,"d":"1.0000"},{"v":500,"d":"500.00"}]
["021","Цветной принтер \"Ricoh\"","4","шт","Старова Ольга  Николаевна",{"v":9500,"d":"9500.00"},{"v":1,"d":"1.0000"},{"v":9500,"d":"9500.00"},{"v":0,"d":"0.0000"},{"v":0,"d":"0.00"},{"v":0,"d":"0.0000"},{"v":0,"d":"0.00"},{"v":9500,"d":"9500.00"},{"v":1,"d":"1.0000"},{"v":9500,"d":"9500.00"}]
["001","Часть здания Осиновского сельского дома культуры(согласно экспликации к поэтажному плану поз.№7-50кв.м.)","4","м[2*]","Старова Ольга  Николаевна",2347.38,{"v":50,"d":"50.0000"},117369.15,{"v":0,"d":"0.0000"},{"v":0,"d":"0.00"},{"v":0,"d":"0.0000"},{"v":0,"d":"0.00"},2347.38,{"v":50,"d":"50.0000"},117369.15]
["10536","Шило канцелярское малое STAFF,общая длина 130мм,диаметр иглы 2мм,ручка черная(2022)","4","шт","Ахметгараева Алина Альфировна",{"v":80,"d":"80.00"},{"v":1,"d":"1.0000"},{"v":80,"d":"80.00"},{"v":0,"d":"0.0000"},{"v":0,"d":"0.00"},{"v":0,"d":"0.0000"},{"v":0,"d":"0.00"},{"v":80,"d":"80.00"},{"v":1,"d":"1.0000"},{"v":80,"d":"80.00"}]
["021","шкаф книжный","4","шт","Старова Ольга  Николаевна",{"v":1,"d":"1.00"},{"v":6,"d":"6.0000"},{"v":6,"d":"6.00"},{"v":0,"d":"0.0000"},{"v":0,"d":"0.00"},{"v":0,"d":"0.0000"},{"v":0,"d":"0.00"},{"v":1,"d":"1.00"},{"v":6,"d":"6.0000"},{"v":6,"d":"6.00"}]
["10536","Шпагат полипропиленовый,длина 125м,диаметр 2мм,линейная пл 1600,BRAUBERG(2022)","4","шт","Ахметгараева Алина Альфировна",{"v":100,"d":"100.00"},{"v":2,"d":"2.0000"},{"v":200,"d":"200.00"},{"v":0,"d":"0.0000"},{"v":0,"d":"0.00"},{"v":0,"d":"0.0000"},{"v":0,"d":"0.00"},{"v":100,"d":"100.00"},{"v":2,"d":"2.0000"},{"v":200,"d":"200.00"}]
["10536","штамп RGM","4","шт","Старова Ольга  Николаевна",{"v":720,"d":"720.00"},{"v":1,"d":"1.0000"},{"v":720,"d":"720.00"},{"v":0,"d":"0.0000"},{"v":0,"d":"0.00"},{"v":0,"d":"0.0000"},{"v":0,"d":"0.00"},{"v":720,"d":"720.00"},{"v":1,"d":"1.0000"},{"v":720,"d":"720.00"}]
["021","Штанги маленькие","4","шт","Гатавллин Шамиль Шайхутдинович",{"v":5,"d":"5.00"},{"v":6,"d":"6.0000"},{"v":30,"d":"30.00"},{"v":0,"d":"0.0000"},{"v":0,"d":"0.00"},{"v":0,"d":"0.0000"},{"v":0,"d":"0.00"},{"v":5,"d":"5.00"},{"v":6,"d":"6.0000"},{"v":30,"d":"30.00"}]
["10535","шторы портьерные","2","шт","Старова Ольга  Николаевна",3133.75,{"v":8,"d":"8.0000"},{"v":25070,"d":"25070.00"},{"v":0,"d":"0.0000"},{"v":0,"d":"0.00"},{"v":0,"d":"0.0000"},{"v":0,"d":"0.00"},3133.75,{"v":8,"d":"8.0000"},{"v":25070,"d":"25070.00"}]
["021","экран","4","шт","Старова Ольга  Николаевна",{"v":1,"d":"1.00"},{"v":1,"d":"1.0000"},{"v":1,"d":"1.00"},{"v":0,"d":"0.0000"},{"v":0,"d":"0.00"},{"v":0,"d":"0.0000"},{"v":0,"d":"0.00"},{"v":1,"d":"1.00"},{"v":1,"d":"1.0000"},{"v":1,"d":"1.00"}]
["001","Эл водонагреватель \"Edisson\"","4","шт","Старова Ольга  Николаевна",{"v":2600,"d":"2600.00"},{"v":1,"d":"1.0000"},{"v":2600,"d":"2600.00"},{"v":0,"d":"0.0000"},{"v":0,"d":"0.00"},{"v":0,"d":"0.0000"},{"v":0,"d":"0.00"},{"v":2600,"d":"2600.00"},{"v":1,"d":"1.0000"},{"v":2600,"d":"2600.00"}]
["021","Электрический радиатор","4","шт","Старова Ольга  Николаевна",{"v":350,"d":"350.00"},{"v":1,"d":"1.0000"},{"v":350,"d":"350.00"},{"v":0,"d":"0.0000"},{"v":0,"d":"0.00"},{"v":0,"d":"0.0000"},{"v":0,"d":"0.00"},{"v":350,"d":"350.00"},{"v":1,"d":"1.0000"},{"v":350,"d":"350.00"}]
[{"$nulls":6},{"v":2442.3,"d":"2442.3000"},10261122.19,{"v":0,"d":"0.0000"},{"v":0,"d":"0.00"},{"v":0,"d":"0.0000"},{"v":0,"d":"0.00"},null,{"v":2442.3,"d":"2442.3000"},10261122.19]